Encountering theology of mission : (Record no. 9379)

MARC details
000 -LEADER
fixed length control field 02503cam a2200385 i 4500
001 - CONTROL NUMBER
control field 460060208
003 - CONTROL NUMBER IDENTIFIER
control field OCoLC
005 - DATE AND TIME OF LATEST TRANSACTION
control field 20241126110711.0
008 - FIXED-LENGTH DATA ELEMENTS--GENERAL INFORMATION
fixed length control field 091215s2010 miua b 001 0 eng
010 ## -
-- 2009052484
020 ## - INTERNATIONAL STANDARD BOOK NUMBER
International Standard Book Number 9780801026621 (pbk.)
020 ## - INTERNATIONAL STANDARD BOOK NUMBER
International Standard Book Number 0801026628 (pbk.)
035 ## - SYSTEM CONTROL NUMBER
System control number (OCoLC)460060208
040 ## - CATALOGING SOURCE
Original cataloging agency DLC
Language of cataloging eng
Description conventions rda
Transcribing agency DLC
Modifying agency BTCTA
-- YDXCP
-- EMT
-- UKM
-- C#P
-- BWX
-- CDX
-- ITC
-- SGB
050 00 -
-- BV2063
-- .O88 2010
082 00 - DEWEY DECIMAL CLASSIFICATION NUMBER
Classification number 266.001
Edition information 22
Item number OTT
092 ## - LOCALLY ASSIGNED DEWEY CALL NUMBER (OCLC)
Classification number 266.001
Item number Ot8e
100 1# - MAIN ENTRY--PERSONAL NAME
Personal name Ott, Craig,
Dates associated with a name 1952-
Authority record control number or standard number https://id.loc.gov/authorities/names/n2006005934
9 (RLIN) 41
245 10 - TITLE STATEMENT
Title Encountering theology of mission :
Remainder of title biblical foundations, historical developments, and contemporary issues /
Statement of responsibility, etc. Craig Ott, Stephen J. Strauss ; with Timothy C. Tennent.
264 #1 - PRODUCTION, PUBLICATION, DISTRIBUTION, MANUFACTURE, AND COPYRIGHT NOTICE
Place of production, publication, distribution, manufacture Grand Rapids, Mich. :
Name of producer, publisher, distributor, manufacturer Baker Academic,
Date of production, publication, distribution, manufacture, or copyright notice [2010]
264 #4 - PRODUCTION, PUBLICATION, DISTRIBUTION, MANUFACTURE, AND COPYRIGHT NOTICE
Date of production, publication, distribution, manufacture, or copyright notice ℗♭2010
300 ## - PHYSICAL DESCRIPTION
Extent xxx, 383 pages :
Other physical details illustrations ;
Dimensions 23 cm.
336 ## - CONTENT TYPE
Content type term text
Content type code txt
Source rdacontent
337 ## - MEDIA TYPE
Media type term unmediated
Media type code n
Source rdamedia
338 ## - CARRIER TYPE
Carrier type term volume
Carrier type code nc
Source rdacarrier
490 1# - SERIES STATEMENT
Series statement Encountering mission
504 ## - BIBLIOGRAPHY, ETC. NOTE
Bibliography, etc. note Includes bibliographical references (p. 339-359) and indexes.
505 00 - FORMATTED CONTENTS NOTE
Title Biblical foundations of mission.
-- God and the nations in the Old Testament ;
-- God and the nations in the New Testament ;
-- The justification of mission : missio Dei ;
-- The purpose and nature of mission ;
-- The task of missions : convictions and controversy ;
-- The task of missions : convergence and conclusions --
-- Motives and means for mission.
-- The motivation for missions ;
-- The church and mission ;
-- The missionary vocation ;
-- Spiritual dynamics and mission --
-- Mission in local and global context.
-- Contextualization and mission ;
-- Christian encounter with other religions : toward an evangelical theology of religions ;
-- The necessity of mission : three uncomfortable questions.
520 ## - SUMMARY, ETC.
Summary, etc. The authors discuss biblical theology of mission, provide historical overviews of the development of various viewpoints, and address theologically current issues in global mission from an evangelical perspective. --from publisher description
650 #0 - SUBJECT ADDED ENTRY--TOPICAL TERM
Topical term or geographic name entry element Missions
General subdivision Theory.
Authority record control number or standard number https://id.loc.gov/authorities/subjects/sh85086053
9 (RLIN) 48
700 1# - ADDED ENTRY--PERSONAL NAME
Personal name Strauss, Stephen J.,
Dates associated with a name 1955-
Authority record control number or standard number https://id.loc.gov/authorities/names/n2009079647
9 (RLIN) 16345
700 1# - ADDED ENTRY--PERSONAL NAME
Personal name Tennent, Timothy C.
Authority record control number or standard number https://id.loc.gov/authorities/names/no2001011846
9 (RLIN) 16346
830 #0 -
-- Encountering mission.
-- https://id.loc.gov/authorities/names/n2003105071
-- 14363
942 ## - ADDED ENTRY ELEMENTS (KOHA)
Source of classification or shelving scheme Dewey Decimal Classification
Koha item type Books
Koha issues (borrowed), all copies 3
Holdings
Withdrawn status Lost status Source of classification or shelving scheme Damaged status Not for loan Home library Current Library Shelving location Date acquired Total checkouts Full call number Barcode Date last seen Date last checked out Copy number Price effective from Koha item type
    Dewey Decimal Classification     GRACE BIBLE COLLEGE GRACE BIBLE COLLEGE Ministry & Mission 2022-11-10 5 266.001 OTT 015864 2025-08-06 2025-08-05 c.1 2022-11-10 Books
© Grace Bible College Library 2025